[Event "POL-chT DMP Ekstraliga 2019"]
[Site "Katowice"]
[Date "2019.08.29"]
[Round "2.27"]
[White "Markowski, Tomasz"]
[Black "Kriebel, Tadeas"]
[Result "1-0"]
[WhiteElo "2537"]
[BlackElo "2531"]
[Annotator "ChessBase"]
[PlyCount "139"]
[EventDate "2019.08.28"]
[EventType "team-tourn"]
[EventCountry "POL"]
[SourceTitle "playchess.com"]
[Source "ChessBase"]
[SourceQuality "1"]
[TimeControl "40/5400+30:1800+30"]

1. d4 {[%emt 0:00:00]} Nf6 {[%emt 0:00:00]} 2. Nf3 {[%emt 0:00:00]} e6 {[%emt 0:00:00]} 3. e3 {[%emt 0:00:00]} d5 {[%emt 0:00:19]} 4. Bd3 {[%emt 0:00:00]} b6 {[%emt 0:00:34]} 5. O-O {[%emt 0:00:07]} Bb7 {[%emt 0:00:06]} 6. b3 {[%emt 0:00:13]} Bd6 {[%emt 0:00:20]} 7. c4 {[%emt 0:00:32]} Nbd7 {[%emt 0:01:22]} 8. cxd5 {[%emt 0:00:13]} exd5 {[%emt 0:00:04]} 9. Ba3 {[%emt 0:00:05]} Bxa3 {[%emt 0:01:17]} 10. Nxa3 {[%emt 0:00:06]} O-O {[%emt 0:00:10]} 11. Rc1 {[%emt 0:00:14]} c6 {[%emt 0:05:29]} 12. Nb1 {[%emt 0:00:45]} Qe7 {[%emt 0:00:38]} 13. Nc3 {[%emt 0:00:06]} Ne4 {[%emt 0:05:39]} 14. Qc2 {[%emt 0:00:42]} f5 {[%emt 0:02:50]} 15. Qb2 {[%emt 0:01:03]} Qd6 {[%emt 0:07:39]} 16. b4 {[%emt 0:01:46]} b5 {[%emt 0:04:15]} 17. a4 {[%emt 0:04:36]} a6 18. axb5 {[%emt 0:06:10]} axb5 {[%emt 0:02:11]} 19. Ra1 {[%emt 0:00:42]} Rae8 {[%emt 0:04:08]} 20. Ne2 {[%emt 0:04:37]} h6 {[%emt 0:15:56]} 21. Ra7 {[%emt 0:03:44]} Bc8 {[%emt 0:07:37]} 22. Rc1 {[%emt 0:03:13]} Nb6 {[%emt 0:15:33]} 23. Ne5 {[%emt 0:04:23]} Nc4 {[%emt 0:00:07]} 24. Bxc4 {[%emt 0:00:43]} dxc4 {[%emt 0:00:46]} 25. f3 {[%emt 0:06:28]} Nf6 {[%emt 0:00:45]} 26. Nf4 {[%emt 0:01:27]} Nd7 {[%emt 0:07:05]} 27. Nfg6 {[%emt 0:07:18]} Nxe5 {[%emt 0:00:05]} 28. Nxe5 {[%emt 0:00:05]} f4 {[%emt 0:00:26]} 29. e4 {[%emt 0:01:30]} Rd8 {[%emt 0:00:06]} 30. h4 {[%emt 0:05:01]} Rfe8 {[%emt 0:10:22]} 31. Kh2 {[%emt 0:06:38]} Qxd4 {[%emt 0:02:35]} 32. Qxd4 {[%emt 0:01:22]} Rxd4 {[%emt 0:00:04]} 33. Nxc6 {[%emt 0:00:11]} Rd7 {[%emt 0:03:23]} 34. Ra5 {[%emt 0:03:41]} Rb7 {[%emt 0:01:14]} 35. Rd1 {[%emt 0:02:48]} Bd7 {[%emt 0:00:58]} 36. Rd6 {[%emt 0:05:02]} Bxc6 {[%emt 0:00:33]} 37. Rxc6 {[%emt 0:00:05]} Re5 {[%emt 0:00:06]} 38. Kh3 {[%emt 0:10:10]} Kh7 {[%emt 0:02:57]} 39. Kg4 {[%emt 0:11:09]} Rf7 {[%emt 0:00:01]} 40. Rxc4 {[%emt 0:00:00]} h5+ {[%emt 0:00:00]} 41. Kh3 {[%emt 0:02:51]} Rd7 {[%emt 0:14:51]} 42. Rc1 {[%emt 0:06:31]} g5 {[%emt 0:08:13]} 43. hxg5 {[%emt 0:00:44]} Rxg5 {[%emt 0:00:04]} 44. Rc2 {[%emt 0:05:25]} Rdg7 {[%emt 0:03:40]} 45. Ra3 {[%emt 0:01:42]} Rg3+ {[%emt 0:01:23]} 46. Kh2 {[%emt 0:00:30]} h4 {[%emt 0:00:31]} 47. Rac3 {[%emt 0:00:20]} h3 {[%emt 0:01:11]} 48. gxh3 {[%emt 0:00:38]} R7g6 {[%emt 0:02:46]} 49. Rd2 {[%emt 0:03:28]} Kh6 {[%emt 0:00:15]} 50. Rf2 {[%emt 0:02:33]} Kg5 {[%emt 0:03:35]} 51. Rc8 {[%emt 0:01:32]} Rh6 {[%emt 0:00:43]} 52. Rg8+ {[%emt 0:01:04]} Kh4 {[%emt 0:00:01]} 53. Rg4+ {[%emt 0:00:37]} Rxg4 {[%emt 0:00:01]} 54. hxg4 {[%emt 0:00:06]} Rc6 {[%emt 0:00:23]} 55. Re2 {[%emt 0:01:13]} Re6 {[%emt 0:01:33]} 56. Kg2 {[%emt 0:01:10]} Re7 {[%emt 0:00:13]} 57. Re1 {[%emt 0:00:50]} Rc7 {[%emt 0:00:06]} 58. Rh1+ {[%emt 0:01:32]} Kg5 {[%emt 0:00:03]} 59. Rh5+ {[%emt 0:00:06]} Kg6 {[%emt 0:00:05]} 60. Rf5 {[%emt 0:03:28]} Rc2+ {[%emt 0:00:45]} 61. Kh3 {[%emt 0:00:18]} Rb2 {[%emt 0:00:12]} 62. g5 {[%emt 0:01:00]} Rxb4 {[%emt 0:01:22]} 63. Kg4 {[%emt 0:00:11]} Rb1 {[%emt 0:00:15]} 64. Kxf4 {[%emt 0:00:37]} b4 {[%emt 0:00:09]} 65. Rf6+ {[%emt 0:00:16]} Kg7 {[%emt 0:00:05]} 66. Rb6 {[%emt 0:00:11]} b3 {[%emt 0:00:21]} 67. Kf5 {[%emt 0:00:13]} b2 {[%emt 0:00:07]} 68. f4 {[%emt 0:00:15]} Kf7 {[%emt 0:00:07]} 69. Rb7+ {[%emt 0:00:22]} Kg8 {[%emt 0:00:05]} 70. g6 {[%emt 0:01:01]} 1-0

[Event "POL-chT DMP Ekstraliga 2019"]
[Site "Katowice"]
[Date "2019.08.29"]
[Round "2.28"]
[White "Simacek, Pavel"]
[Black "Nasuta, Grzegorz"]
[Result "1/2-1/2"]
[WhiteElo "2479"]
[BlackElo "2533"]
[Annotator "ChessBase"]
[PlyCount "77"]
[EventDate "2019.08.28"]
[EventType "team-tourn"]
[EventCountry "POL"]
[SourceTitle "playchess.com"]
[Source "ChessBase"]
[SourceQuality "1"]
[TimeControl "40/5400+30:1800+30"]

1. e4 {[%emt 0:00:00]} e5 {[%emt 0:00:00]} 2. Nf3 {[%emt 0:00:00]} Nc6 {[%emt 0:00:00]} 3. Bb5 {[%emt 0:00:16]} a6 {[%emt 0:00:00]} 4. Ba4 {[%emt 0:00:05]} Nf6 {[%emt 0:00:00]} 5. O-O {[%emt 0:00:26]} b5 {[%emt 0:00:07]} 6. Bb3 {[%emt 0:00:08]} Bc5 {[%emt 0:00:06]} 7. d3 {[%emt 0:01:42]} d6 {[%emt 0:01:16]} 8. Nc3 {[%emt 0:01:03]} h6 {[%emt 0:02:18]} 9. Nd5 {[%emt 0:00:30]} O-O {[%emt 0:05:41]} 10. c3 {[%emt 0:00:30]} Rb8 {[%emt 0:08:03]} 11. Be3 Nxd5 {[%emt 0:12:06]} 12. Bxd5 {[%emt 0:13:28]} Bxe3 {[%emt 0:00:09]} 13. fxe3 {[%emt 0:00:11]} Ne7 {[%emt 0:00:09]} 14. Bb3 {[%emt 0:00:04]} c5 {[%emt 0:20:35]} 15. Nh4 {[%emt 0:06:18]} d5 {[%emt 0:11:48]} 16. Qh5 {[%emt 0:07:42]} c4 {[%emt 0:04:08]} 17. Bc2 {[%emt 0:01:28]} cxd3 {[%emt 0:08:50]} 18. Bxd3 {[%emt 0:00:18]} d4 {[%emt 0:00:04]} 19. Rad1 {[%emt 0:07:57]} Nc6 {[%emt 0:09:01]} 20. Nf3 {[%emt 0:36:19]} Qb6 {[%emt 0:04:44]} 21. Nxe5 {[%emt 0:11:30]} Nxe5 {[%emt 0:04:26]} 22. Qxe5 {[%emt 0:00:05]} dxc3 {[%emt 0:00:04]} 23. Qxc3 {[%emt 0:01:58]} Qxe3+ {[%emt 0:00:06]} 24. Kh1 {[%emt 0:00:03]} b4 {[%emt 0:00:19]} 25. Qe1 {[%emt 0:04:11]} Qxe1 {[%emt 0:01:03]} 26. Rfxe1 {[%emt 0:00:04]} Be6 {[%emt 0:01:00]} 27. Bxa6 {[%emt 0:00:41]} Bxa2 {[%emt 0:02:20]} 28. Rd4 {[%emt 0:01:44]} Rfd8 {[%emt 0:01:16]} 29. Red1 {[%emt 0:00:07]} Rxd4 {[%emt 0:00:44]} 30. Rxd4 {[%emt 0:00:04]} Be6 {[%emt 0:02:51]} 31. Kg1 {[%emt 0:00:31]} b3 {[%emt 0:00:38]} 32. Kf2 {[%emt 0:01:24]} Ra8 {[%emt 0:00:53]} 33. Rd6 {[%emt 0:00:37]} Kf8 {[%emt 0:00:21]} 34. Ke3 {[%emt 0:00:05]} Ke7 {[%emt 0:00:18]} 35. e5 {[%emt 0:00:47]} Rb8 {[%emt 0:01:20]} 36. Rd4 {[%emt 0:01:18]} Ra8 {[%emt 0:00:32]} 37. Rd6 {[%emt 0:02:06]} Rb8 {[%emt 0:00:36]} 38. Rd4 {[%emt 0:00:32]} Ra8 {[%emt 0:00:28]} 39. Ke4 1/2-1/2

[Event "POL-chT DMP Ekstraliga 2019"]
[Site "Katowice"]
[Date "2019.08.29"]
[Round "2.29"]
[White "Jakubowski, Krzysztof"]
[Black "Bobras, Piotr"]
[Result "1/2-1/2"]
[WhiteElo "2518"]
[BlackElo "2488"]
[Annotator "ChessBase"]
[PlyCount "73"]
[EventDate "2019.08.28"]
[EventType "team-tourn"]
[EventCountry "POL"]
[SourceTitle "playchess.com"]
[Source "ChessBase"]
[SourceQuality "1"]
[TimeControl "40/5400+30:1800+30"]

1. e4 {[%emt 0:00:00]} e5 {[%emt 0:00:00]} 2. Nf3 {[%emt 0:00:00]} Nc6 {[%emt 0:00:00]} 3. Bc4 {[%emt 0:00:11]} Nf6 {[%emt 0:00:00]} 4. d3 {[%emt 0:02:38]} Be7 {[%emt 0:00:31]} 5. c3 {[%emt 0:03:58]} O-O {[%emt 0:01:05]} 6. O-O {[%emt 0:00:10]} d5 {[%emt 0:00:54]} 7. exd5 {[%emt 0:00:27]} Nxd5 {[%emt 0:00:03]} 8. Re1 {[%emt 0:00:07]} Bg4 {[%emt 0:00:58]} 9. h3 {[%emt 0:05:57]} Bh5 {[%emt 0:00:15]} 10. Nbd2 {[%emt 0:04:01]} Nb6 {[%emt 0:07:05]} 11. Bb5 {[%emt 0:03:55]} f6 12. Ne4 {[%emt 0:11:43]} Qd5 {[%emt 0:14:12]} 13. Qb3 {[%emt 0:08:37]} Bf7 {[%emt 0:18:37]} 14. Qxd5 {[%emt 0:01:50]} Bxd5 {[%emt 0:00:06]} 15. Be3 {[%emt 0:01:43]} Rfd8 {[%emt 0:08:34]} 16. Ned2 {[%emt 0:10:03]} a6 {[%emt 0:06:35]} 17. Bxc6 {[%emt 0:01:43]} Bxc6 {[%emt 0:01:46]} 18. Bxb6 {[%emt 0:00:50]} cxb6 {[%emt 0:04:07]} 19. d4 {[%emt 0:00:09]} Bd6 {[%emt 0:07:12]} 20. dxe5 {[%emt 0:00:52]} Bxe5 {[%emt 0:00:40]} 21. Nxe5 {[%emt 0:02:14]} Rxd2 {[%emt 0:00:09]} 22. Nc4 {[%emt 0:00:06]} Rc2 {[%emt 0:00:26]} 23. Rac1 {[%emt 0:01:33]} Rxc1 {[%emt 0:02:26]} 24. Rxc1 {[%emt 0:00:05]} b5 {[%emt 0:01:21]} 25. Ne3 {[%emt 0:01:07]} Rd8 {[%emt 0:08:24]} 26. Rd1 {[%emt 0:01:15]} Rxd1+ {[%emt 0:00:44]} 27. Nxd1 {[%emt 0:00:02]} g5 {[%emt 0:02:25]} 28. Ne3 {[%emt 0:01:25]} Kf7 {[%emt 0:00:29]} 29. g3 {[%emt 0:01:48]} Bf3 {[%emt 0:04:24]} 30. Nc2 {[%emt 0:04:59]} Bd5 {[%emt 0:00:32]} 31. a3 {[%emt 0:00:08]} Ke6 {[%emt 0:00:17]} 32. Nd4+ {[%emt 0:00:12]} Ke5 {[%emt 0:00:12]} 33. f3 {[%emt 0:00:05]} f5 {[%emt 0:02:55]} 34. Kf2 {[%emt 0:02:52]} h5 {[%emt 0:03:58]} 35. h4 {[%emt 0:00:33]} gxh4 {[%emt 0:00:59]} 36. gxh4 {[%emt 0:00:07]} f4 {[%emt 0:00:27]} 37. Ne2 {[%emt 0:02:18]} 1/2-1/2

[Event "POL-chT DMP Ekstraliga 2019"]
[Site "Katowice"]
[Date "2019.08.29"]
[Round "2.30"]
[White "Kiolbasa, Oliwia"]
[Black "Buksa, Nataliya"]
[Result "0-1"]
[WhiteElo "2244"]
[BlackElo "2406"]
[Annotator "NA"]
[PlyCount "94"]
[EventDate "2019.08.28"]
[EventType "team-tourn"]
[EventCountry "POL"]
[SourceTitle "playchess.com"]
[Source "ChessBase"]
[SourceQuality "1"]
[TimeControl "40/5400+30:1800+30"]

1. e4 {[%emt 0:00:00]} c5 {[%emt 0:00:00]} 2. Nf3 {[%emt 0:00:00]} Nc6 {[%emt 0:00:00]} 3. d4 {[%emt 0:00:00]} cxd4 {[%emt 0:00:00]} 4. Nxd4 {[%emt 0:00:00]} Nf6 {[%emt 0:00:00]} 5. Nc3 {[%emt 0:00:04]} e5 {[%emt 0:00:00]} 6. Ndb5 {[%emt 0:00:24]} d6 {[%emt 0:00:06]} 7. Bg5 {[%emt 0:01:00]} a6 {[%emt 0:00:05]} 8. Bxf6 {[%emt 0:06:35]} gxf6 {[%emt 0:01:07]} 9. Na3 {[%emt 0:00:07]} b5 {[%emt 0:00:52]} 10. Nd5 {[%emt 0:00:11]} f5 {[%emt 0:00:04]} 11. g3 {[%emt 0:00:10]} Be6 {[%emt 0:09:16]} 12. Bg2 {[%emt 0:00:17]} Rc8 {[%emt 0:00:03]} 13. O-O {[%emt 0:06:07]} Bg7 {[%emt 0:02:00]} 14. Qh5 {[%emt 0:03:25]} fxe4 {[%emt 0:04:59]} 15. Bxe4 {[%emt 0:00:36]} Ne7 {[%emt 0:00:06]} 16. Rad1 Nxd5 {[%emt 0:17:13]} 17. Bxd5 {[%emt 0:00:32]} Qd7 {[%emt 0:00:13]} 18. Qe2 {[%emt 0:25:05]} O-O {[%emt 0:02:20]} 19. b3 {[%emt 0:07:42]} Rc5 {[%emt 0:06:39]} 20. Bxe6 {[%emt 0:00:49]} Qxe6 {[%emt 0:02:14]} 21. Qd2 {[%emt 0:15:07]} Rd8 {[%emt 0:08:24]} 22. c4 {[%emt 0:00:12]} bxc4 {[%emt 0:09:44]} 23. Nxc4 {[%emt 0:00:11]} d5 {[%emt 0:00:30]} 24. Rfe1 {[%emt 0:05:15]} e4 {[%emt 0:01:39]} 25. Qf4 {[%emt 0:02:03]} Re8 {[%emt 0:12:17]} 26. Qd6 {[%emt 0:11:28]} Qxd6 {[%emt 0:16:49]} 27. Nxd6 {[%emt 0:00:11]} Re5 {[%emt 0:00:15]} 28. f4 {[%emt 0:03:24]} Re6 {[%emt 0:04:41]} 29. Nf5 {[%emt 0:00:28]} Bc3 {[%emt 0:00:04]} 30. Nd4 {[%emt 0:08:29]} Bxe1 {[%emt 0:00:16]} 31. Nxe6 {[%emt 0:00:29]} fxe6 {[%emt 0:00:13]} 32. Rxe1 {[%emt 0:00:03]} Rc2 {[%emt 0:00:03]} 33. a4 {[%emt 0:00:09]} Kf7 {[%emt 0:00:26]} 34. g4 {[%emt 0:03:05]} a5 {[%emt 0:01:10]} 35. Re3 {[%emt 0:00:47]} e5 {[%emt 0:00:08]} 36. f5 {[%emt 0:02:18]} Kf6 {[%emt 0:00:02]} 37. h4 {[%emt 0:00:06]} h5 {[%emt 0:00:09]} 38. gxh5 {[%emt 0:00:42]} Kxf5 {[%emt 0:00:03]} 39. Rg3 {[%emt 0:00:19]} Kf4 {[%emt 0:02:38]} 40. Rg7 {[%emt 0:00:00]} e3 {[%emt 0:00:00]} 41. Rf7+ {[%emt 0:04:32]} Ke4 {[%emt 0:02:03]} 42. h6 {[%emt 0:02:36]} Rc1+ {[%emt 0:00:04]} 43. Rf1 {[%emt 0:00:06]} Rc6 {[%emt 0:00:08]} 44. h7 {[%emt 0:00:07]} Rh6 {[%emt 0:00:02]} 45. Rf7 {[%emt 0:00:18]} Rxh4 {[%emt 0:00:05]} 46. b4 {[%emt 0:00:54]} axb4 {[%emt 0:00:14]} 47. a5 {[%emt 0:00:03]} e2 {[%emt 0:01:58]} 0-1

[Event "POL-chT DMP Ekstraliga 2019"]
[Site "Katowice"]
[Date "2019.08.30"]
[Round "3.1"]
[White "Kempinski, Robert"]
[Black "Mista, Aleksander"]
[Result "1/2-1/2"]
[WhiteElo "2579"]
[BlackElo "2599"]
[Annotator "ChessBase"]
[PlyCount "45"]
[EventDate "2019.08.28"]
[EventType "team-tourn"]
[EventCountry "POL"]
[SourceTitle "playchess.com"]
[Source "ChessBase"]
[SourceQuality "1"]
[TimeControl "40/5400+30:1800+30"]

1. d4 {[%emt 0:00:00]} Nf6 {[%emt 0:00:00]} 2. c4 {[%emt 0:00:00]} g6 {[%emt 0:00:00]} 3. g3 {[%emt 0:02:26]} c6 {[%emt 0:00:08]} 4. Nf3 {[%emt 0:02:37]} Bg7 {[%emt 0:00:33]} 5. Bg2 {[%emt 0:00:18]} d5 {[%emt 0:01:19]} 6. cxd5 {[%emt 0:02:32]} cxd5 {[%emt 0:00:07]} 7. Ne5 {[%emt 0:00:30]} O-O {[%emt 0:01:42]} 8. Nc3 {[%emt 0:01:11]} Bf5 {[%emt 0:01:13]} 9. O-O {[%emt 0:07:31]} Ne4 {[%emt 0:01:26]} 10. Bf4 {[%emt 0:03:22]} Nxc3 {[%emt 0:01:48]} 11. bxc3 {[%emt 0:01:24]} Nc6 {[%emt 0:03:53]} 12. Nxc6 {[%emt 0:06:37]} bxc6 {[%emt 0:00:03]} 13. Qa4 {[%emt 0:00:10]} e6 {[%emt 0:06:48]} 14. Qxc6 {[%emt 0:04:27]} Rc8 {[%emt 0:02:28]} 15. Qa4 {[%emt 0:00:11]} Rxc3 {[%emt 0:00:16]} 16. Rac1 {[%emt 0:02:07]} Rxc1 {[%emt 0:01:11]} 17. Rxc1 {[%emt 0:00:08]} Qb6 {[%emt 0:01:39]} 18. e3 {[%emt 0:03:18]} Bd3 {[%emt 0:05:42]} 19. Bf1 {[%emt 0:02:34]} Qb2 {[%emt 0:07:50]} 20. Qd1 {[%emt 0:01:38]} Bxf1 {[%emt 0:00:52]} 21. Qxf1 {[%emt 0:00:22]} Qxa2 {[%emt 0:00:24]} 22. Ra1 {[%emt 0:00:16]} Qb2 {[%emt 0:00:12]} 23. Rxa7 {[%emt 0:00:16]} 1/2-1/2

[Event "POL-chT DMP Ekstraliga 2019"]
[Site "Katowice"]
[Date "2019.08.30"]
[Round "3.2"]
[White "Moranda, Wojciech"]
[Black "Shevchenko, Kirill"]
[Result "1/2-1/2"]
[WhiteElo "2597"]
[BlackElo "2556"]
[Annotator "ChessBase"]
[PlyCount "60"]
[EventDate "2019.08.28"]
[EventType "team-tourn"]
[EventCountry "POL"]
[SourceTitle "playchess.com"]
[Source "ChessBase"]
[SourceQuality "1"]
[TimeControl "40/5400+30:1800+30"]

1. c4 {[%emt 0:00:00]} Nf6 {[%emt 0:01:17]} 2. g3 {[%emt 0:00:00]} g6 {[%emt 0:00:40]} 3. Bg2 {[%emt 0:00:20]} Bg7 {[%emt 0:00:18]} 4. Nc3 {[%emt 0:00:20]} O-O {[%emt 0:00:13]} 5. d4 {[%emt 0:00:11]} d6 {[%emt 0:00:14]} 6. Nf3 {[%emt 0:00:09]} Nbd7 {[%emt 0:00:17]} 7. O-O {[%emt 0:00:12]} e5 {[%emt 0:00:10]} 8. e4 {[%emt 0:00:16]} c6 {[%emt 0:00:30]} 9. Qc2 {[%emt 0:00:21]} exd4 {[%emt 0:01:45]} 10. Nxd4 {[%emt 0:00:28]} Re8 {[%emt 0:00:34]} 11. h3 {[%emt 0:17:04]} Nb6 {[%emt 0:32:00]} 12. b3 {[%emt 0:13:50]} Nxe4 {[%emt 0:08:48]} 13. Nxe4 {[%emt 0:00:44]} Bxd4 {[%emt 0:00:12]} 14. Bg5 {[%emt 0:13:34]} f6 {[%emt 0:02:19]} 15. Rad1 {[%emt 0:00:18]} fxg5 {[%emt 0:06:06]} 16. Rxd4 {[%emt 0:00:20]} d5 {[%emt 0:08:35]} 17. cxd5 {[%emt 0:03:35]} cxd5 {[%emt 0:08:16]} 18. Nc3 {[%emt 0:08:42]} Be6 {[%emt 0:06:13]} 19. Qd2 {[%emt 0:05:34]} Qe7 {[%emt 0:07:22]} 20. Nxd5 {[%emt 0:07:26]} Nxd5 {[%emt 0:00:22]} 21. Bxd5 {[%emt 0:00:08]} Bxd5 {[%emt 0:03:16]} 22. Rxd5 {[%emt 0:00:18]} Qe6 {[%emt 0:01:43]} 23. Rd1 {[%emt 0:11:02]} a6 {[%emt 0:06:05]} 24. Rd7 {[%emt 0:11:42]} Re7 {[%emt 0:00:29]} 25. Rxe7 {[%emt 0:00:31]} Qxe7 {[%emt 0:00:02]} 26. Re1 {[%emt 0:00:24]} Qc5 {[%emt 0:02:35]} 27. Rc1 {[%emt 0:02:11]} Qe7 {[%emt 0:01:20]} 28. Qa5 {[%emt 0:01:29]} Rd8 {[%emt 0:01:08]} 29. Re1 {[%emt 0:00:15]} Qf6 {[%emt 0:00:20]} 30. Qc7 {[%emt 0:00:57]} Rf8 {[%emt 0:00:16]} 1/2-1/2

[Event "POL-chT DMP Ekstraliga 2019"]
[Site "Katowice"]
[Date "2019.08.30"]
[Round "3.3"]
[White "Kriebel, Tadeas"]
[Black "Dziuba, Marcin"]
[Result "0-1"]
[WhiteElo "2531"]
[BlackElo "2568"]
[Annotator "ChessBase"]
[PlyCount "64"]
[EventDate "2019.08.28"]
[EventType "team-tourn"]
[EventCountry "POL"]
[SourceTitle "playchess.com"]
[Source "ChessBase"]
[SourceQuality "1"]
[TimeControl "40/5400+30:1800+30"]

1. e4 {[%emt 0:00:00]} c5 {[%emt 0:00:00]} 2. Nf3 {[%emt 0:00:00]} Nc6 {[%emt 0:00:00]} 3. d4 {[%emt 0:00:00]} cxd4 {[%emt 0:00:00]} 4. Nxd4 {[%emt 0:00:00]} Nf6 {[%emt 0:00:04]} 5. Nc3 {[%emt 0:00:00]} e5 {[%emt 0:00:10]} 6. Ndb5 {[%emt 0:00:04]} d6 {[%emt 0:00:10]} 7. Nd5 {[%emt 0:00:10]} Nxd5 {[%emt 0:00:27]} 8. exd5 {[%emt 0:00:06]} Nb8 {[%emt 0:00:26]} 9. a4 {[%emt 0:00:18]} Be7 {[%emt 0:00:18]} 10. Bd2 {[%emt 0:00:15]} O-O {[%emt 0:01:13]} 11. a5 {[%emt 0:00:46]} a6 {[%emt 0:01:52]} 12. Na3 {[%emt 0:00:25]} Bf5 {[%emt 0:00:18]} 13. Be2 {[%emt 0:07:12]} Be4 {[%emt 0:00:25]} 14. Bf3 {[%emt 0:00:20]} Bg6 {[%emt 0:00:51]} 15. O-O {[%emt 0:16:20]} Nd7 {[%emt 0:00:42]} 16. Nc4 {[%emt 0:04:09]} Rc8 {[%emt 0:01:22]} 17. b3 {[%emt 0:02:28]} f5 {[%emt 0:03:25]} 18. Bb4 {[%emt 0:01:56]} Nc5 {[%emt 0:04:00]} 19. Bh5 {[%emt 0:14:09]} Qe8 {[%emt 0:10:54]} 20. Bxg6 {[%emt 0:00:10]} Qxg6 {[%emt 0:00:22]} 21. Nb6 {[%emt 0:04:11]} Rcd8 {[%emt 0:00:49]} 22. Qe2 {[%emt 0:02:42]} e4 {[%emt 0:08:36]} 23. Rad1 {[%emt 0:08:44]} f4 {[%emt 0:03:52]} 24. f3 {[%emt 0:00:05]} exf3 {[%emt 0:10:20]} 25. Rxf3 {[%emt 0:00:22]} Ne4 {[%emt 0:02:44]} 26. Kh1 {[%emt 0:01:46]} Bh4 {[%emt 0:11:18]} 27. Rdf1 {[%emt 0:00:15]} Rde8 {[%emt 0:00:58]} 28. Qd3 {[%emt 0:00:12]} Qh6 {[%emt 0:06:37]} 29. Nc4 {[%emt 0:16:01]} g5 {[%emt 0:13:38]} 30. Bc3 {[%emt 0:10:33]} g4 {[%emt 0:02:01]} 31. Qd4 {[%emt 0:03:05]} Bf6 {[%emt 0:00:19]} 32. Rxf4 {[%emt 0:00:42]} Ng3+ {[%emt 0:00:55]} 0-1

[Event "POL-chT DMP Ekstraliga 2019"]
[Site "Katowice"]
[Date "2019.08.30"]
[Round "3.4"]
[White "Michalik, Peter"]
[Black "Simacek, Pavel"]
[Result "1/2-1/2"]
[WhiteElo "2573"]
[BlackElo "2479"]
[Annotator "ChessBase"]
[PlyCount "82"]
[EventDate "2019.08.28"]
[EventType "team-tourn"]
[EventCountry "POL"]
[SourceTitle "playchess.com"]
[Source "ChessBase"]
[SourceQuality "1"]
[TimeControl "40/5400+30:1800+30"]

1. e4 {[%emt 0:00:00]} c5 {[%emt 0:00:00]} 2. Nf3 {[%emt 0:00:00]} Nc6 {[%emt 0:00:00]} 3. Bb5 {[%emt 0:00:00]} e5 {[%emt 0:00:12]} 4. Bxc6 {[%emt 0:01:44]} dxc6 {[%emt 0:00:07]} 5. d3 {[%emt 0:02:36]} Bd6 {[%emt 0:00:11]} 6. Nbd2 {[%emt 0:00:45]} Ne7 {[%emt 0:00:14]} 7. Nc4 {[%emt 0:00:32]} Ng6 {[%emt 0:00:10]} 8. Be3 {[%emt 0:02:33]} b6 {[%emt 0:01:05]} 9. a4 {[%emt 0:06:44]} a5 {[%emt 0:00:58]} 10. h4 {[%emt 0:02:11]} h5 {[%emt 0:02:54]} 11. Nxd6+ {[%emt 0:02:58]} Qxd6 {[%emt 0:00:04]} 12. Nd2 {[%emt 0:00:18]} Be6 {[%emt 0:06:28]} 13. g3 {[%emt 0:03:09]} f6 {[%emt 0:09:56]} 14. Qe2 {[%emt 0:07:09]} Nf4 {[%emt 0:08:54]} 15. Bxf4 {[%emt 0:28:00]} exf4 {[%emt 0:00:08]} 16. Qf3 {[%emt 0:00:02]} fxg3 {[%emt 0:01:46]} 17. Qxg3 {[%emt 0:00:05]} Qxg3 {[%emt 0:05:18]} 18. fxg3 {[%emt 0:00:04]} O-O-O {[%emt 0:00:05]} 19. b3 {[%emt 0:00:13]} Kc7 {[%emt 0:02:20]} 20. O-O {[%emt 0:04:45]} Rhe8 {[%emt 0:02:17]} 21. Rf2 {[%emt 0:00:55]} Bg4 {[%emt 0:01:09]} 22. Nf1 {[%emt 0:01:14]} Re5 {[%emt 0:01:25]} 23. Nd2 {[%emt 0:01:55]} Rd7 {[%emt 0:00:59]} 24. Nc4 {[%emt 0:00:16]} Re8 {[%emt 0:00:04]} 25. Ne3 {[%emt 0:00:05]} Be6 {[%emt 0:00:04]} 26. Kg2 {[%emt 0:01:46]} Rde7 {[%emt 0:01:40]} 27. Rf4 {[%emt 0:02:18]} Bc8 {[%emt 0:00:51]} 28. Kf2 {[%emt 0:02:08]} Bd7 {[%emt 0:00:58]} 29. Rg1 {[%emt 0:00:18]} Kd6 {[%emt 0:04:01]} 30. Ke2 {[%emt 0:04:38]} Kc7 {[%emt 0:00:05]} 31. Kd2 {[%emt 0:00:06]} Bc8 {[%emt 0:01:50]} 32. Nf5 {[%emt 0:04:06]} Bxf5 {[%emt 0:07:15]} 33. Rxf5 {[%emt 0:00:05]} Rh8 {[%emt 0:00:07]} 34. Rgf1 {[%emt 0:04:26]} Kd6 {[%emt 0:00:42]} 35. Ke3 {[%emt 0:01:31]} Re5 {[%emt 0:01:27]} 36. Kf4 {[%emt 0:01:01]} Re6 {[%emt 0:02:16]} 37. Kf3 {[%emt 0:01:12]} Re5 {[%emt 0:00:41]} 38. g4 {[%emt 0:00:24]} hxg4+ {[%emt 0:09:33]} 39. Kxg4 {[%emt 0:00:06]} Ke6 {[%emt 0:00:07]} 40. Rh1 {[%emt 0:00:00]} Rh6 {[%emt 0:00:00]} 41. Rxe5+ {[%emt 0:11:29]} Kxe5 1/2-1/2

[Event "POL-chT DMP Ekstraliga 2019"]
[Site "Katowice"]
[Date "2019.08.30"]
[Round "3.5"]
[White "Bobras, Piotr"]
[Black "Plat, Vojtech"]
[Result "1/2-1/2"]
[WhiteElo "2488"]
[BlackElo "2561"]
[Annotator "ChessBase"]
[PlyCount "42"]
[EventDate "2019.08.28"]
[EventType "team-tourn"]
[EventCountry "POL"]
[SourceTitle "playchess.com"]
[Source "ChessBase"]
[SourceQuality "1"]
[TimeControl "40/5400+30:1800+30"]

1. d4 {[%emt 0:00:00]} Nf6 {[%emt 0:00:00]} 2. c4 {[%emt 0:00:00]} g6 {[%emt 0:00:00]} 3. Nc3 {[%emt 0:00:01]} d5 {[%emt 0:00:00]} 4. cxd5 {[%emt 0:00:22]} Nxd5 {[%emt 0:00:00]} 5. e4 {[%emt 0:00:05]} Nxc3 {[%emt 0:00:01]} 6. bxc3 {[%emt 0:00:04]} Bg7 {[%emt 0:00:05]} 7. Bc4 {[%emt 0:00:24]} c5 {[%emt 0:00:03]} 8. Ne2 {[%emt 0:00:04]} O-O {[%emt 0:00:17]} 9. O-O {[%emt 0:00:31]} Nc6 {[%emt 0:00:11]} 10. Be3 {[%emt 0:00:05]} cxd4 {[%emt 0:00:21]} 11. cxd4 {[%emt 0:00:07]} Bg4 {[%emt 0:00:03]} 12. f3 {[%emt 0:02:22]} Na5 {[%emt 0:00:04]} 13. Bd3 {[%emt 0:31:32]} Be6 {[%emt 0:01:36]} 14. d5 {[%emt 0:02:38]} Bd7 {[%emt 0:00:33]} 15. Rb1 {[%emt 0:04:25]} e6 {[%emt 0:00:31]} 16. Qd2 {[%emt 0:07:29]} exd5 {[%emt 0:00:45]} 17. exd5 {[%emt 0:00:11]} b5 {[%emt 0:03:29]} 18. Rfc1 {[%emt 0:04:30]} a6 {[%emt 0:01:06]} 19. Bg5 {[%emt 0:05:31]} Qb6+ {[%emt 0:01:02]} 20. Be3 {[%emt 0:00:32]} Qd8 {[%emt 0:00:04]} 21. Bg5 {[%emt 0:00:35]} Qb6+ {[%emt 0:00:58]} 1/2-1/2